00373nam a2200133Ia 4500008004100000041000800041082001600049100002500065245004800090260006100138300001200199365000700211650002100218210719s1994 xx 000 0 und d aeng a378.06 MANG aMANGALORE UNIVERSITY aMangalore university annual report 1993-94. aMangalore.bMangalore University, Mangalgangotri.,c1994 a172bPB cRs aHigher Education